=LDR 00000nam 2200000 4500 =001 INLIS000000000024038 =005 20241204105909 =035 ##$$a 0010-061300000024038 =008 241204################g##########0#ind## =041 ##$$a ind =082 ##$$a 632.93 =090 ##$$a 632.93, Nat d =100 ##$$a Natawigena, Hidayat =245 1#$$a Dasar-dasar perlindungan tanaman, /$c Hidayat Natawigena =260 ##$$a Bandung :$b Trigenda karya,$c 1994 =300 ##$$a xi, 178 hlm : $b Ilus ; $c 21 x 15 cm =650 #4$$a Perlindungan Tanaman =850 ##$$a NBPNMAT =020 ##$$a 979-489-096-7 =084 ##$$a 632.5 PRA h =250 ##$$a Cet. 8 =504 ##$$a Bibliografi : Hlm. 179 - 182 =990 ##$$a 632.180/PRO.98 =990 ##$$a 0001/BPAP-NTB/20142015 =990 ##$$a 0001/BPAP-NTB/2015 =990 ##$$a 0067/BPAP-NTB/2017 =990 ##$$a 107-541/Pb-97 =990 ##$$a 632.180/PRO.98 =990 ##$$a 0001/BPAP-NTB/2015 =990 ##$$a 0067/BPAP-NTB/2017